All Nfl Teams That Lost The Super Bowl - Statistics

General Stats
  • This quiz has been taken 49 times
  • The average score is 21 of 25
Answer Stats
team year % Correct
2018 Patriots
95%
2012 Patriots
95%
2008 Patriots
95%
2024 49ers
89%
2020 49ers
89%
2013 49ers
89%
2014 Broncos
89%
2021 Chiefs
86%
2022 Bengals
84%
2023 Eagles
84%
2005 Eagles
84%
2016 Panthers
84%
2004 Panthers
84%
2019 Rams
84%
2002 Rams
84%
2015 Seahawks
84%
2006 Seahawks
84%
2011 Steelers
81%
2009 Cardinals
73%
2017 Falcons
73%
2010 Colts
70%
2001 Giants
70%
2003 Raiders
70%
2000 Titans
70%
2007 Bears
68%
No matching quizzes found
Score Distribution
Percent of People with Each Score
Percentile by Number Answered
Your Score History
You have not taken this quiz